| 000 | 00663nam a2200205Ia 4500 | ||
|---|---|---|---|
| 003 | OSt | ||
| 005 | 20250211100723.0 | ||
| 008 | 210210b1987 xxu||||| |||| 00| 0 eng d | ||
| 040 | _cAL | ||
| 041 | _aKannada | ||
| 082 | _aK894.9 VIVD | ||
| 100 |
_aVIVEKA RAI (B A),Ed. _9142775 _dವಿವೇಕ್ ರೈ(ಬಿ ಎ) |
||
| 245 |
_aShambhavi:nenapina sanchike 1987. _bಶಾಂಭವಿ : ನೆನಪಿನ ಸಂಚಿಕೆ 1987 |
||
| 260 |
_aMangaluru _bUniversity _c1987 |
||
| 300 | _a- | ||
| 650 |
_aDakshina Kannada Sahitya Sammelana Mangaluru Mulki Kannada Kayaka _9142776 |
||
| 690 |
_aKannada Criticism _9142777 |
||
| 906 | _a041718 | ||
| 942 |
_2ddc _cBK |
||
| 999 |
_c91730 _d91730 |
||